000 00358nam a2200121Ia 4500
008 160609s9999 xx 000 0 und d
100 _aBusch, David.
245 _aDavid Busch's Mastering Digital SLR Photography
245 _cBy:David D. Busch
260 _c2011
650 _xDIGITAL PHOTOGRAPHY
856 _uhttp://file.ebook777.com/010/9781435458321.pdf
999 _c295756
_d295756